000 00531nam a2200169Ia 4500
008 110201s9999 xx 000 0 und d
082 _bB3518
_aKS 659
100 _aभिडे माधुरी
245 _aकथा पौर्णिमा
260 _bकेमकर प्रकाशन
365 _b15
600 _aभिडे माधुरी
630 _aकथा पौर्णिमा
700 _aभिडे माधुरी
730 _aकथा पौर्णिमा
942 _cBOOK
999 _c830144
_d830141